000
00469nam a2200133Ia 4500
008
100328s9999 xx 000 0 und d
082
_b
65277
100
_a
किणीकर रॉय.
245
_a
इथे जगण्याची सक्ती आहे.
260
_b
प्रतीक.
630
_a
इथे जगण्याची सक्ती आहे.
730
_a
इथे जगण्याची सक्ती आहे.
942
_c
BOOK
999
_c
551024
_d
551021